G55-二广高速公路途径行政区 - Statistics

General Stats
  • This quiz has been taken 14 times
  • The average score is 24 of 26
Answer Stats
Answer % Correct
大同
100%
朔州
100%
忻州
100%
太原
100%
晋中
100%
晋城
100%
洛阳
100%
南阳
100%
襄阳
100%
锡林郭勒盟
92%
乌兰察布
92%
长治
92%
济源
92%
焦作
92%
平顶山
92%
荆门
92%
荆州
92%
常德
92%
娄底
92%
佛山
92%
广州
92%
益阳
85%
永州
85%
清远
85%
邵阳
77%
肇庆
77%
No matching quizzes found
Score Distribution
Percent of People with Each Score
Percentile by Number Answered
Your Score History
You have not taken this quiz